| 000 | 00600nam a2200193Ia 4500 | ||
|---|---|---|---|
| 005 | 20250326145619.0 | ||
| 008 | 250326s9999 xx 000 0 und d | ||
| 037 | _aTextbook | ||
| 040 |
_aFMSL _beng _cFMSL |
||
| 041 |
_aeng _2eng |
||
| 084 |
_aX:74 Q5 _qFMSL |
||
| 100 |
_aRezaee Z _9750471 |
||
| 245 | 0 |
_aBusiness sustainability: Performance, compliance, accountability and integrated reporting _cRezaee Z |
|
| 260 |
_aUnited Kingdom _bUnited Kingdom, Greenleaf _c2015 |
||
| 365 | _b6554.3999999999996 | ||
| 650 | _aManagement | ||
| 942 |
_cTB _hX:74 Q5 |
||
| 999 |
_c1308177 _d1308177 |
||